000 00498nam a2200181Ia 4500
005 20250508154507.0
008 008 250505s9999 xx 000 0 eng d
037 _aTextual
040 _aFEDL
_beng
_cFEDL
041 _aeng
_2eng
084 _a807, DIC
_qFEDL
100 _aDickinson Leon T
_9765533
245 0 _aGuide to literary study
260 _aNew York, USA
_bHolt, Rinehart and Winston
_c1962
300 _a89p.
942 _cTEXL
_h807, DIC
999 _c1350572
_d1350572